00980nam a22001937a 450000500170000000800410001702000180005808200200007624501640009626001610026030000180042149000280043950501320046765000450059965000430064470000320068770000340071970000330075320231102152055.0180928t2015 mx |||||r|||| 00| 0 spa d a9786079352431 4a342.02098bM869 aMovimientos sociales y procesos constituyentes contemporáneos en México y América Latinac / coordinadores Oscar Correas, Daniel Sandoval, Alma Melgarito3 aMéxicobUniversidad Nacional Autónoma de México, Centro de Investigaciones Interdisciplinarias en Ciencias y HumanidadesbEdiciones Coyoacánc, 2015 a290 páginas aDerecho y sociedadv113 aConstitucionalismo y procesos políticos en América Latina Nuevas constituciones, nuevos horizontes. Perspectivas críticas14aDERECHO CONSTITUCIONALzAMÉRICA LATINA24aMOVIMIENTOS SOCIALESzAMÉRICA LATINA aCorreas, Oscarecoordinador1 aSandoval, Danielecoordinador1 aMelgarito, Almaecoordinador